000
00299pam a2200145 a 4500
020
_c
041
_a
eng
082
_b
VAR
100
_a
Varalakshmi .
245
_a
Porject Using C++
_h
Textual Documents
250
_a
2001.
260
_a
[s.l]:
_b
Scitench PUB
300
_a
396 pg.
930
_a
5101
999
_c
82017
_d
82017